00905cam a22002171 4500001001300000003000400013005001700017008004100034010001700075035001900092040002100111042001200132050002200144100003100166245013300197260005700330300001800387490013800405500009400543600005000637it 01000267 DLC20260227111518.0801208s1890 it 000 0 ita  ait 01000267  a(OCoLC)7013257 aDLCcFUdFUdDLC apremarc00aAS222b.F5 no. 191 aMartinati, Camillo,d1863-10aNotizie storico-biografiche intorno al conte Baldassare Castiglione con documenti inediti.cStudio dell dott. Camillo Martinati. aFirenze,bCoi tipi dei successori Le Monnier,c1890. a91 p.c28 cm.0 aPubblicazioni del R. Istituto di studi superiori pratici e di perfezionamento in Firenze. Sezione di filosofia e filologia. [no. 19] aAt head of title: R. Istituto di studi superiori pratici e di perfezionamento in Firenze.10aCastiglione, Baldassarre,cconte,d1478-1529.